| 000 | 00849cam a2200253 a 4500 | ||
|---|---|---|---|
| 999 |
_c3369 _d3369 |
||
| 001 | 15032447 | ||
| 003 | OSt | ||
| 005 | 20231123090927.0 | ||
| 008 | 071003s2008 nyuab b 00| 0 eng | ||
| 010 | _a 2007041017 | ||
| 020 | _a9780194369763 | ||
| 040 |
_aDLC _cDLC _dDLC _dKH8 |
||
| 082 | 0 | 0 |
_a423.1 GOL _222 |
| 100 | 1 |
_aAdelson-Goldstein, Jayme, _eauthor. |
|
| 245 | 1 | 0 |
_aOxford picture dictionary. _pMonolingual / _cJayme Adelson-Goldstein, Norma Shapiro. |
| 250 | _a2nd ed. | ||
| 260 |
_aNew York, NY : _bOxford University Press, _cc2008. |
||
| 300 |
_axi, 285 p. : _bcol. ill., col. maps ; _c28 cm. |
||
| 504 | _aIncludes bibliographical references (p. 285) and indexes. | ||
| 650 | 0 | _aPicture dictionaries, English. | |
| 650 | 0 |
_aEnglish language _vTextbooks for foreign speakers. |
|
| 700 | 1 |
_aShapiro, Norma, _eauthor. |
|
| 942 |
_2ddc _cREF |
||